00479nam a2200145Ia 4500999001700000082001200017100003000029245003400059260004300093300000800136650006000144710001600204942001200220952010100232 c22378d22378 aTG.0075 aGupta, Vishweshwar Prasad 0aTribal economy in Baghelkhand c1974bAwadhesh Pratap Singh University a282 aTribal developmentzIndiazBaghelkhand (Madhya Pradesh) aVarma, K.C. cTH2ddc 00104070aNASSDOCbNASSDOCd2004-10-08l0oTG.0075p11345r2019-04-18 00:00:00w2019-04-18yTH